000 00224nam a22000977a 4500
082 _a894.812.3
_bH&C/K
245 _aKOZHIYUM KURUKKANUM
260 _aTHRISSUR
_bH&C PUBLISHING HOUSE
650 _aSHORT STORY
_zKERALA
942 _cBK
999 _c1266
_d1266